| 000 | 00765nam a2200277 a 4500 | ||
|---|---|---|---|
| 999 |
_c2120 _d2120 |
||
| 006 | a|||||r|||| 00| 0 | ||
| 007 | ta | ||
| 008 | 200213s1987 xxkb|||g ||||f00| 0 eng d | ||
| 040 |
_aKO _beng |
||
| 041 | 0 | _aeng | |
| 044 | _axxk | ||
| 082 | 0 | 4 |
_223 _a623.8922 _bOc2 |
| 245 | 0 | 0 |
_aOcean Passages for the World / _cprepared by C. J. de C. Scott RN |
| 250 | _a4th ed. | ||
| 260 |
_aTaunton : _bHydrographer of the Navy, _c1987 |
||
| 300 |
_a314 p., [7] folded leaves of plates : _bcol. ill., maps ; _c30 cm. |
||
| 490 | 0 |
_aN.P. ; _v136 |
|
| 650 | 0 | _aPilot guides. | |
| 650 | 0 | _aTrade routes. | |
| 700 | _aScott RN, C. J. de C. | ||
| 710 | 1 |
_aGreat Britain. _bHydrographic Department |
|
| 904 | _aRUDRA_R | ||
| 905 | _aR_RANJAN | ||
| 942 | _cBK | ||